| 000 | 00451nam a22001817a 4500 | ||
|---|---|---|---|
| 003 | MPLRDC | ||
| 005 | 20220104123700.0 | ||
| 008 | 210129b ||||| |||| 00| 0 eng d | ||
| 020 | _a957-530-115-3 | ||
| 082 | _a415.83 JHS c.2 | ||
| 100 | _a詹益宏主编 | ||
| 245 |
_a难言之隐 _c |
||
| 260 |
_a _b幼狮文化事业公司 _c1990 |
||
| 300 | _b平 | ||
| 490 | _a家庭保健丛书 | ||
| 650 | _a泌尿器官病 | ||
| 942 |
_cBK _o415.83 JHS c.2 |
||
| 999 |
_c13347 _d13337 |
||